Evaluación económica / (Record no. 35796)
[ view plain ]
| 000 -CABECERA | |
|---|---|
| campo de control de longitud fija | 00493nam a2200145 a 4500 |
| 001 - NÚMERO DE CONTROL | |
| campo de control | 000036305 |
| 005 - FECHA Y HORA DE LA ÚLTIMA TRANSACCIÓN | |
| campo de control | 20200930075646.0 |
| 008 - DATOS DE LONGITUD FIJA--INFORMACIÓN GENERAL | |
| campo de control de longitud fija | 120112s1975 mx a 000 0 spa d |
| 040 ## - FUENTE DE LA CATALOGACIÓN | |
| Centro catalogador/agencia de origen | DO-SdBNP |
| Lengua de catalogación | spa |
| Centro/agencia transcriptor | BNPHU |
| 082 ## - NÚMERO DE LA CLASIFICACIÓN DECIMAL DEWEY | |
| Número de clasificación | xxxx |
| Número de documento/Ítem | L864e |
| 100 1# - ENTRADA PRINCIPAL--NOMBRE DE PERSONA | |
| Nombre de persona | López Léautaud, José L |
| 9 (RLIN) | 62449 |
| 245 10 - MENCIÓN DE TÍTULO | |
| Título | Evaluación económica / |
| Mención de responsabilidad, etc. | José L. López Léautaud. |
| 260 ## - PUBLICACIÓN, DISTRIBUCIÓN, ETC. | |
| Lugar de publicación, distribución, etc. | México : |
| -- | Buenos Aires, Argentina : |
| Nombre del editor, distribuidor, etc. | McGraw-Hill |
| -- | Centro Regional de Ayuda Técnica :, |
| Fecha de publicación, distribución, etc. | 1975. |
| 300 ## - DESCRIPCIÓN FÍSICA | |
| Extensión | 189 p. : |
| Otras características físicas | il. ; |
| Dimensiones | 23 cm. |
| Estado de retiro | Estado de pérdida | Restricciones de uso | No para préstamo | Código de colección | Localización permanente | Ubicación/localización actual | Ubicación en estantería | Fecha de adquisición | Número de inventario | Total de préstamos | Signatura topográfica completa | Código de barras | Fecha visto por última vez | Precio válido a partir de | Tipo de ítem Koha |
|---|---|---|---|---|---|---|---|---|---|---|---|---|---|---|---|
| Excluido de préstamo | Monografías: Libros y Folletos | General | General | En catalogación | 12.01.2012 | LF1 | xxxx L864e | 36306-10 | 25.06.2020 | 25.06.2020 | No se presta |
